00490 a2200145 4500010001600000020001500016040001300031082001600044100001700060245009900077260005300176300007200229650002800301650001500329 a 00050188 a0201610876 aDLCbDLC00a621.381/0451 aKasap, S. O.10aOptoelectronics and photonics: principles and practicesbprinciples and practicescS.O. Kasap. aUpper Saddle River, NJ :bPrentice Hall,cc2001. axi, 340 p. :bill. ;c24 cm. +e1 computer optical disc (4 3/4 in.) 0aOptoelectronic devices. 0aPhotonics.